Camera con vista

I tiakina i:
Ngā taipitopito rārangi puna kōrero
Kaituhi matua: Forster, Edward Morgan 1879-1970
Ētahi atu kaituhi: Aldi Pompili, Giuliana (traduzione di)
Hōputu: Pukapuka
Reo:Ingarihi
I whakaputaina: Milano Fabbri 1994
Ngā Tūtohu: Tāpirihia he Tūtohu
Kāore He Tūtohu, Me noho koe te mea tuatahi ki te tūtohu i tēnei pūkete!

MARC

LEADER 00000nam a2200000 4500
005 20231208014412.0
008 231114b |||||||| |||| 00| 0 eng d
040 |c C 
082 |a 823.9 
100 |a Forster, Edward Morgan  |d 1879-1970 
245 |a Camera con vista 
260 |a Milano  |b Fabbri  |c 1994 
700 |a Aldi Pompili, Giuliana  |c (traduzione di) 
942 |2 ddc  |c BK  |n 0 
952 |0 0  |1 4  |2 ddc  |4 0  |6 823_900000000000000_FOR_CAM  |7 1  |9 216  |a GE  |b GE  |d 2013-10-19  |l 0  |o 823.9 FOR CAM  |p 1191  |r 2023-11-14 19:03:05  |w 2023-11-14  |y BK 
999 |c 179  |d 179